| 000 | 01410nam0a22003371 4500 | ||
|---|---|---|---|
| 001 | rc\2274959 | ||
| 005 | 20260408184559.0 | ||
| 010 |
_bВ пер. _d1 р. 60 к. _950000 |
||
| 021 |
_aRU _b79-48355 |
||
| 035 | _a(NLR Aleph) 006555192 | ||
| 090 |
_a6783748 _c6783748 |
||
| 100 | _a20110829d1979 |||y0rusy50 ca | ||
| 101 | 0 | _arus | |
| 102 | _aRU | ||
| 105 | _aa j ||||| | ||
| 200 | 1 |
_aФармакология _e[учебник для педиатрических факультетов медицинских институтов] _fИ.В. Маркова, В.Н. Саляев, Б.С. Утешев |
|
| 210 |
_aМосква _cМедицина _d1979 |
||
| 215 |
_a584 с. _cил. _d22 |
||
| 606 |
_aФармакология детского возраста _jУчебники для высших учебных заведений _3RU\NLR\AUTH\661138960 _91868382 |
||
| 686 |
_aР281я73-1 _2rubbk |
||
| 700 | 1 |
_8rus _7ca _aМаркова _bИ. В. _cд-р мед. наук _gИрина Валерьевна _3RU\NLR\AUTH\7760148 _943079 |
|
| 701 | 1 |
_aСаляев _bВ. Н. _gВладимир Николаевич |
|
| 701 | 1 |
_aУтешев _bБ. С. _gБорис Сергеевич |
|
| 801 | 0 |
_aRU _bNLR _gpsbo |
|
| 801 | 1 |
_aRU _bELAR _2rusmarc |
|
| 801 | 2 |
_aRU _bNLR _c20141217 _2rusmarc |
|
| 852 |
_aNLR _j79-5/4996 |
||
| 899 |
_aRuMoRGB _jБ 79-23/290 |
||
| 899 |
_aRuMoRGB _jБ 79-23/291 |
||
| 942 | _cBOOK | ||
| 980 | _aNB | ||